| 000 | 00954nam a2200289Ia 4500 | ||
|---|---|---|---|
| 001 | 135994 | ||
| 003 | 227961 | ||
| 005 | 20240712164425.0 | ||
| 008 | ||||||n9999 ||| || || | ||
| 082 | _a338098 | ||
| 100 |
_aFairbanks, Michael _968893 |
||
| 245 | 0 |
_aArando en el mar _bfuentes ocultas de la creación de riqueza en los países en desarrollo _cMichael Fairbanks y Stace Lindsay ; prólogo de Michael E. Porter ; traducción de Rosa María Rosas |
|
| 562 | _e1 | ||
| 650 |
_aCOMPETENCIA ECONOMICA--PAISES EN DESARROLLO _9152030 |
||
| 650 |
_aDESARROLLO ECONOMICO--ESTUDIO DE CASOS _9159822 |
||
| 650 |
_aECONOMIA POLITICA--PAISES EN DESARROLLO _9165607 |
||
| 650 |
_aECONOMIA POLITICA--REGION ANDINA _9165608 |
||
| 650 |
_aPOLÍTICA INDUSTRIAL--REGIÓN ANDINA _9165609 |
||
| 942 | _cBKM | ||
| 999 |
_c135994 _d135994 |
||
| 526 | _a116204 | ||
| 526 | _a4969 | ||
| 526 | _a19790 | ||
| 526 | _a104436 | ||
| 526 | _a5144 | ||
| 526 | _a51868 | ||
| 526 | _a1697 | ||